focus 4 unit 4.1 - Statystyki

Ogólne statystyki
  • Ten quiz został rozwiązany 9 razy
  • Średni wynik to 7 z 47
Statystyki odpowiedzi
Hint Odpowiedź % Poprawnych
okazyjna cena bargain price
75%
średni average
50%
mieć ograniczony budżet be on a limited budget
50%
nie mieć ochoty, żeby coś zrobić can't be bothered to do sth
50%
sklep należący do sieci, sieciówka chain store
50%
główna ulica handlowa w mieście high street
50%
lokalne marki local brands
50%
zapłacić za coś, wydać pieniądze pay out
50%
emisja dwutlenku węgla carbon emissions
25%
ostrożny cautious
25%
sprawdzić check up on
25%
podwoić double
25%
generować, produkować generate
25%
zakup robiony pod wpływem impulsu, emocji impulse purchase
25%
odpowiedzialnie responsibly
25%
rozglądać się po sklepach i porównywać (np. produkty lub ceny) shop around
25%
odzież sportowa sportswear
25%
odpady włókiennicze textile waste
25%
przemysł odzieżowy clothing industry
0%
ograniczyć, zredukować cut down on
0%
rozkładać się decompose
0%
dostawa delivery
0%
polityka zatrudnienia employment policy
0%
wprowadzić kod PIN enter your pin
0%
wpływ na środowisko environmental impact
0%
wartości etyczne ethical values
0%
odzież, strój garment
0%
polować na okazje go bargain-hunting
0%
mieć złą opinię have a bad reputation
0%
najnowszy, ostatni latest
0%
średnia długość życia life expectancy
0%
szukać, wypatrywać look out for
0%
wyrób masowej produkcji mass-produced product
0%
zakupy robione w internecie online shopping
0%
wybierać coś, decydować się na opt for
0%
odbiór (np. przesyłki) pick-up
0%
truciciel polluter
0%
odłożyć coś na bok put sth aside
0%
odpowiedzialna postawa responsible attitude
0%
odesłać coś send sth back
0%
robić zakupy lokalnie shop locally
0%
pojawiać się spring up
0%
wspierać lokalnych producentów support local producers
0%
tkanina syntetyczna synthetic fabric
0%
kuszący tempting
0%
społeczeństwo charakteryzujące się filozofią wyrzucania przedmiotów po jednorazowym użyciu throw-away society
0%
zafundować sobie coś treat yourself to
0%
Nie znaleziono quizów pasujących do podanych kryteriów
Rozkład punktacji
Procent ludzi z każdym wynikiem
Percentyl według liczby udzielonych odpowiedzi
Twoja historia wyników
Nie rozwiązałeś tego quizu